Movies Quiz

Random Movies or James Bond Quiz

Group Clicking: Movie Characters Quiz Stats

 Plays Quiz not verified by Sporcle

Support Sporcle.
Go Orange.
Score 0/8 Timer 01:00
11 Plays Today
% Correct
Davy Jones
Elizabeth Swann
 Captain Jack Sparrow 
98.8%
M
Q
  007  
98.4%
Hermione Granger
 Albus Dumbledore 
Rubeus Hagrid
97.4%
Letty Ortiz
Brian O'Conner
 Dominic Toretto 
97.3%
Katniss Everdeen
 Coriolanus Snow 
Peeta Mellark
97.3%
Leia Organa
Lando Calrissian
 Jabba the Hutt 
97.1%
Hulk
Loki
 Tony Stark 
96.9%
 Witch-King 
Galadriel
Gollum
93.6%

You're not logged in!

Compare scores with friends on all Sporcle quizzes.
OR
Log In

From the Vault

Born In Queens

by JoeBeta

New York City is famous enough to have a 'Who's Who' quiz from each borough.
Remove Ads.
Support Sporcle.
Get the best of Sporcle when you Go Orange. This ad-free experience offers more features, more stats, and more fun while also helping to support Sporcle. Thank you for becoming a member.

Show Comments

Extras

Top Quizzes Today


Score Distribution

Your Account Isn't Verified!

In order to create a playlist on Sporcle, you need to verify the email address you used during registration. Go to your Sporcle Settings to finish the process.

Report this User

Report this user for behavior that violates our Community Guidelines.

Details: